Regional Disparities Within Accession Countries (Record no. 5426)
[ view plain ]
| 000 -LEADER | |
|---|---|
| fixed length control field | naa a22 7i 4500 |
| 001 - CONTROL NUMBER | |
| control field | 5645 |
| 003 - CONTROL NUMBER IDENTIFIER | |
| control field | OSt |
| 005 - DATE AND TIME OF LATEST TRANSACTION | |
| control field | 20171113165429.0 |
| 007 - PHYSICAL DESCRIPTION FIXED FIELD--GENERAL INFORMATION | |
| fixed length control field | tu |
| 008 - FIXED-LENGTH DATA ELEMENTS--GENERAL INFORMATION | |
| fixed length control field | 161220s2003 xxu||||| |||| 00| 0 d |
| 024 7# - OTHER STANDARD IDENTIFIER | |
| Standard number or code | 5645 |
| Source of number or code | RID |
| 024 7# - OTHER STANDARD IDENTIFIER | |
| Standard number or code | 5645 |
| Source of number or code | RSN (alt) |
| 040 ## - CATALOGING SOURCE | |
| Transcribing agency | OSt |
| 100 1# - MAIN ENTRY--PERSONAL NAME | |
| Personal name | Römisch, Roman |
| 245 10 - TITLE STATEMENT | |
| Title | Regional Disparities Within Accession Countries |
| 260 ## - PUBLICATION, DISTRIBUTION, ETC. | |
| Place of publication, distribution, etc. | Cheltenham : |
| Name of publisher, distributor, etc. | Oesterreichische Nationalbank (OeNB), |
| Date of publication, distribution, etc. | 2003. |
| 300 ## - PHYSICAL DESCRIPTION | |
| Extent | S.183 ff. |
| 773 0# - HOST ITEM ENTRY | |
| Related parts | pp. 183-208 |
| Title | Economic Convergence and Divergence in Europe Growth and Regional Development in an Enlarged European Union |
| Record control number | 5644 |
| Place, publisher, and date of publication | Cheltenham : Oesterreichische Nationalbank (OeNB), 2003. |
| 942 ## - ADDED ENTRY ELEMENTS (KOHA) | |
| Koha item type | Paper |
No items available.
